<?xml version="1.0" encoding="UTF-8"?>
<record
    xmlns:xsi="http://www.w3.org/2001/XMLSchema-instance"
    xsi:schemaLocation="http://www.loc.gov/MARC21/slim http://www.loc.gov/standards/marcxml/schema/MARC21slim.xsd"
    xmlns="http://www.loc.gov/MARC21/slim">

  <leader>00961nam a22001937a 4500</leader>
  <controlfield tag="001">10092</controlfield>
  <controlfield tag="003">FISKH</controlfield>
  <controlfield tag="005">20260408092318.0</controlfield>
  <controlfield tag="008">260408b        cb ||||| |||| 00| 0 eng d</controlfield>
  <datafield tag="040" ind1=" " ind2=" ">
    <subfield code="a">FISKH</subfield>
    <subfield code="b">chi </subfield>
    <subfield code="c">FISKH</subfield>
    <subfield code="d">FISKH</subfield>
  </datafield>
  <datafield tag="082" ind1=" " ind2=" ">
    <subfield code="a">895.1</subfield>
  </datafield>
  <datafield tag="100" ind1=" " ind2=" ">
    <subfield code="a">&#x53E4;&#x5802;&#x541B;</subfield>
  </datafield>
  <datafield tag="245" ind1=" " ind2=" ">
    <subfield code="a">&#x4E0D;&#x9AD8;&#x5174;&#x7684;&#x6BDB;&#x6BDB;&#x866B; /</subfield>
    <subfield code="c">By  &#x53E4;&#x5802;&#x541B;</subfield>
  </datafield>
  <datafield tag="300" ind1=" " ind2=" ">
    <subfield code="a">20 pages : </subfield>
    <subfield code="b">color illustrations ; </subfield>
    <subfield code="c">21 cm .</subfield>
  </datafield>
  <datafield tag="520" ind1=" " ind2=" ">
    <subfield code="a">&#x300A;&#x4E0D;&#x9AD8;&#x5174;&#x7684;&#x6BDB;&#x6BDB;&#x866B;&#x300B;&#x8BB2;&#x8FF0;&#x4E86;&#x4E00;&#x53EA;&#x5C0F;&#x6BDB;&#x6BDB;&#x866B;&#x7684;&#x6545;&#x4E8B;&#x3002;&#x5C0F;&#x6BDB;&#x6BDB;&#x866B;&#x56E0;&#x4E3A;&#x4E00;&#x4E9B;&#x4E8B;&#x60C5;&#x611F;&#x5230;&#x4E0D;&#x9AD8;&#x5174;&#xFF0C;&#x5B83;&#x5728;&#x6210;&#x957F;&#x7684;&#x8FC7;&#x7A0B;&#x4E2D;&#x7ECF;&#x5386;&#x4E86;&#x4E0D;&#x540C;&#x7684;&#x611F;&#x53D7;&#x548C;&#x5192;&#x9669;&#x3002;&#x901A;&#x8FC7;&#x4E0E;&#x5468;&#x56F4;&#x73AF;&#x5883;&#x3001;&#x670B;&#x53CB;&#x7684;&#x4E92;&#x52A8;&#xFF0C;&#x5B83;&#x6162;&#x6162;&#x5B66;&#x4F1A;&#x7406;&#x89E3;&#x81EA;&#x5DF1;&#x7684;&#x60C5;&#x7EEA;&#xFF0C;&#x5E76;&#x53D1;&#x73B0;&#x8BA9;&#x81EA;&#x5DF1;&#x5F00;&#x5FC3;&#x7684;&#x65B9;&#x6CD5;&#x3002;

&#x8FD9;&#x672C;&#x4E66;&#x753B;&#x98CE;&#x660E;&#x4EAE;&#x53EF;&#x7231;&#xFF0C;&#x6587;&#x5B57;&#x7B80;&#x5355;&#xFF0C;&#x975E;&#x5E38;&#x9002;&#x5408;&#x513F;&#x7AE5;&#x9605;&#x8BFB;&#x3002;&#x5B83;&#x4E0D;&#x4EC5;&#x8BA9;&#x5B69;&#x5B50;&#x4E86;&#x89E3;&#x6BDB;&#x6BDB;&#x866B;&#x7684;&#x6545;&#x4E8B;&#xFF0C;&#x8FD8;&#x80FD;&#x5E2E;&#x52A9;&#x5B69;&#x5B50;&#x8BA4;&#x8BC6;&#x548C;&#x8868;&#x8FBE;&#x81EA;&#x5DF1;&#x7684;&#x60C5;&#x7EEA;&#xFF0C;&#x57F9;&#x517B;&#x60C5;&#x611F;&#x8BA4;&#x77E5;&#x80FD;&#x529B;&#x3002;</subfield>
  </datafield>
  <datafield tag="700" ind1=" " ind2=" ">
    <subfield code="a">&#x549A;&#x4E1C;</subfield>
  </datafield>
  <datafield tag="942" ind1=" " ind2=" ">
    <subfield code="2">ddc</subfield>
    <subfield code="c">BOOK</subfield>
    <subfield code="n">0</subfield>
  </datafield>
  <datafield tag="999" ind1=" " ind2=" ">
    <subfield code="c">10092</subfield>
    <subfield code="d">10092</subfield>
  </datafield>
  <datafield tag="952" ind1=" " ind2=" ">
    <subfield code="0">0</subfield>
    <subfield code="1">0</subfield>
    <subfield code="2">ddc</subfield>
    <subfield code="4">0</subfield>
    <subfield code="7">0</subfield>
    <subfield code="8">REF</subfield>
    <subfield code="a">002</subfield>
    <subfield code="b">002</subfield>
    <subfield code="c">LSHTTP</subfield>
    <subfield code="d">2026-04-08</subfield>
    <subfield code="l">0</subfield>
    <subfield code="o">&#x53E4;&#x5802;&#x541B; 895.1</subfield>
    <subfield code="p">2026-0463</subfield>
    <subfield code="r">2026-04-08 09:23:15</subfield>
    <subfield code="w">2026-04-08</subfield>
    <subfield code="y">BOOK</subfield>
  </datafield>
</record>
